000
00259nam a2200109Ia 4500
008
220204s9999 xx 000 0 und d
082
_a
82-3
_b
HOY
100
_a
Fred
245
0
_a
October the first is too late
260
_a
England
_b
Penguin
_c
1976
942
_c
BK
999
_c
26252
_d
26252